Daily Capital City Riddle #83 - Statistics

General Stats
  • This quiz has been taken 48 times
  • The average score is 30 of 35
Answer Stats
Type Answer % Correct
Found Letter A
100%
Found Letter N
100%
Alphabet Letter O
100%
Found Letter S
100%
Found Letter T
100%
Alphabet Letter D
97%
Alphabet Letter I
97%
Correctly Placed Letter A
94%
Found Letter E
94%
Alphabet Letter G
94%
Alphabet Letter M
94%
Alphabet Letter R
94%
Found Letter H
92%
Correctly Placed Letter T
92%
Alphabet Letter B
89%
Alphabet Letter C
89%
Correctly Placed Letter S
89%
Alphabet Letter U
89%
Alphabet Letter W
89%
Alphabet Letter L
86%
Alphabet Letter P
86%
Found Letter K
83%
Correctly Placed Letter H
81%
Alphabet Letter J
81%
Correctly Placed Letter E
78%
Alphabet Letter V
78%
Alphabet Letter Z
78%
Alphabet Letter F
75%
Correctly Placed Letter K
75%
Alphabet Letter Q
75%
Correctly Placed Letter T
75%
Alphabet Letter Y
75%
Correctly Placed Letter N
69%
Mystery Capital Tashkent
69%
Alphabet Letter X
69%
No matching quizzes found
Score Distribution
Percent of People with Each Score
Percentile by Number Answered
Your Score History
You have not taken this quiz